00364nam a2200085Ia 4500008004100000245010000041260000900141300010100150650002700251180130s9999 xx 000 0 und d cWitt, Michael A.; Redding, GordonaAsian business systems: implications for managerial practice c2014 aBook title: The Oxford handbook of Asian business systems--Acession number C19643; pages 698-712 aBUSINESS SYSTEMS--ASIA